书目信息 |
| 题名: |
线性代数·复变函数·概率统计习题全解
|
|
| 作者: | 陈小柱 , 张立卫 编著 | |
| 分册: | ||
| 出版信息: | 大连 大连理工大学出版社 1998.10 |
|
| 页数: | 460页 | |
| 开本: | 20cm | |
| 丛书名: | 高等学校数学学习辅导教材 | |
| 单 册: | ||
| 中图分类: | O13-44 | |
| 科图分类: | ||
| 主题词: | 线性代数--xian xing dai shu--高等学校--解题 , 复变函数--fu bian han shu--高等学校--解题 , 数理统计--shu li tong ji--高等学校--解题 , 概率论--gai lu lun--高等学校--解题 | |
| 电子资源: | ||
| ISBN: | 7-5611-2802-9 | |
| 000 | 01279nam 2200313 450 | |
| 001 | 010241083755 | |
| 005 | 20051105152457.29 | |
| 010 | @a7-5611-2802-9@dCNY15.00 | |
| 100 | @a20050526d1998 km y0chiy0120 ea | |
| 101 | 0 | @achi |
| 102 | @aCN@b210000 | |
| 105 | @aa q 000yy | |
| 200 | 1 | @a线性代数·复变函数·概率统计习题全解@Axian xing dai shu·fu bian han shu·gai lu tong ji xi ti quan jie@f陈小柱, 张立卫编著@Fchen xiao zhu,zhang li wei bian zhu |
| 210 | @a大连@c大连理工大学出版社@d1998.10 | |
| 215 | @a460页@c图@d20cm | |
| 225 | 2 | @a高等学校数学学习辅导教材 |
| 300 | @a最新版,同济二,三,四版,西安交大四版,浙大二,三版 | |
| 307 | @a2005年1月第15次印刷 | |
| 330 | @a本书由三部分组成,第一部分是线性代数习题全解(同济二、三、四版);第二部分是复变函数习题全解(西安交大四版);第三部分是概率统计习题全解(浙大二、三版)。 | |
| 410 | 0 | @12001 @a高等学校数学学习辅导教材 |
| 606 | 0 | @a线性代数@Axian xing dai shu@x高等学校@x解题 |
| 606 | 0 | @a复变函数@Afu bian han shu@x高等学校@x解题 |
| 606 | 0 | @a数理统计@Ashu li tong ji@x高等学校@x解题 |
| 606 | 0 | @a概率论@Agai lu lun@x高等学校@x解题 |
| 690 | @aO13-44@v4 | |
| 701 | 0 | @a陈小柱@Achen xiao zhu@4编著 |
| 701 | 0 | @a张立卫@Azhang li wei@4编著 |
| 801 | 0 | @aCN@bQSSK@c20051105 |
| 905 | @a10447@dO13-44@eC599 | |
| 线性代数·复变函数·概率统计习题全解/陈小柱, 张立卫编著.-大连:大连理工大学出版社,1998.10 |
| 460页:图;20cm.-(高等学校数学学习辅导教材) |
| 最新版,同济二,三,四版,西安交大四版,浙大二,三版 |
| ISBN 7-5611-2802-9:CNY15.00 |
| 本书由三部分组成,第一部分是线性代数习题全解(同济二、三、四版);第二部分是复变函数习题全解(西安交大四版);第三部分是概率统计习题全解(浙大二、三版)。 |
| ● |
| 相关链接 |
|
|
|
正题名:线性代数·复变函数·概率统计习题全解
索取号:O13-44/C599
 
预约/预借
| 序号 | 登录号 | 条形码 | 馆藏地/架位号 | 状态 | 备注 |
| 1 | 576367 | 205763672 | 自科库401/401自科库 108排9列1层/ [索取号:O13-44/C599] | 在馆 | |
| 2 | 576368 | 205763681 | 自科库401/401自科库 108排9列1层/ [索取号:O13-44/C599] | 在馆 | |
| 3 | 576369 | 205763690 | 自科库401/ [索取号:O13-44/C599] | 在馆 |